000 00288nam a22001337a 4500
008 170308b xxu||||| |||| 00| 0 eng d
020 _a0721625231
041 _aeng
080 _221ST
_a611
100 _a6
101 _ashm
245 _aTEXTBOOK OF PHYSIOLOGY
_cPATTON
942 _2udc
_cBK
999 _c7224
_d7224